Đánh giá tác động môi trường

Tài liệu nêu tổng quan về đánh giá tác động môi trường, và trình bày trình tự thực hiện đánh giá tác động môi trường bên cạnh đó cũng nêu lên phương pháp đánh giá này.

محفوظ في:
التفاصيل البيبلوغرافية
المؤلف الرئيسي: Phạm, Ngọc Hồ
التنسيق: كتاب
اللغة:Undetermined
منشور في: Hà Nội Đại học Quốc gia Hà Nội 2001
الموضوعات:
الوسوم: إضافة وسم
لا توجد وسوم, كن أول من يضع وسما على هذه التسجيلة!
Thư viện lưu trữ: Trung tâm Học liệu Trường Đại học Cần Thơ
LEADER 01085nam a2200217Ia 4500
001 CTU_141538
008 210402s9999 xx 000 0 und d
082 |a 363.7 
082 |b H450 
100 |a Phạm, Ngọc Hồ 
245 0 |a Đánh giá tác động môi trường 
245 0 |c Phạm Ngọc Hồ, Hoàng Xuân Cơ 
260 |a Hà Nội 
260 |b Đại học Quốc gia Hà Nội 
260 |c 2001 
520 |a Tài liệu nêu tổng quan về đánh giá tác động môi trường, và trình bày trình tự thực hiện đánh giá tác động môi trường bên cạnh đó cũng nêu lên phương pháp đánh giá này. 
526 |a Đánh giá tác động môi trường,Đánh giá tác động môi trường và rủi ro sinh thái 
526 |b MT606,MTQ604 
650 |a Environmental protection,Noise pollution,Soil pollution,Water pollution,Marine pollution 
904 |i Bạch Trúc 
980 |a Trung tâm Học liệu Trường Đại học Cần Thơ